| 000 | 00353cam a22001217a 4500 | ||
|---|---|---|---|
| 008 | 180718b1954 xxu||||| |||| 00| 0 eng d | ||
| 082 | _aC4x54 Sr34 | ||
| 100 | _aSrinivasan, N. | ||
| 245 |
_aDemocratic government in India _cby N. Srinivasan |
||
| 260 |
_aCalcutta _bWorld Press _c1954 |
||
| 300 | _a404p | ||
| 650 | _aIndia --Politics and government --1947- | ||
| 999 |
_c423473 _d423473 |
||